00461nam a2200157Ia 450000500170000000800410001708200130005810000160007124500160008726000390010330000130014250000320015594200060018795200950019399900150028820250408031943.0240331s9999 xx 000 0 und d bTHIa294 aSarathi,R.P 0aThirukural  aChennaibKilakku pathippagamc2004 a296 p ., aThirukural miga eliya oorai cL 001040708LaWERCLbWERCLcSSCd2024-03-31l0o 294 THIp6105r2024-03-31w2024-03-31yL c4724d4724